LEADER 01327nam a2200265 i 4500 001 000000195759 003 CaOOAMICUS 005 20250924122001.0 008 110304s1974 it u000 u mul u 013 $a174439 040 $aSeMil$bita 245 10$aMagia, astrologia e religione nel Rinascimento :$bconvegno polacco-italiano, Varsavia, 25-27 settembre 1972. 260 $aWroclaw etc. :$bZaklad Narodowy Imienia Ossolinskich Wydawnictwo Polskiej Akademii Nauk,$c1974. 300 $a226 p. ;$c25 cm. 490 0 $aConferenze ;$v65 650 4$aAstrologia - Storia - Rinascimento.$0(OLS)http://semarc/subject/58585 650 4$aMagia e religione.$0(OLS)http://semarc/subject/12761 650 4$aMagia - Sec. 15.-16.$0(OLS)http://semarc/subject/54549 830 0$aConferenze ;$v65.$0(OLS)http://semarc/title/31893 850 $aSeMil 852 $aSeMil$W1$xVenegono$y1$m2X IV 99$j146328$B146328$CSeMilBibl$Z2$F166628 $81 961 $aOmaggio: Grampa dott. Cesare 996 $6245$aMagia, astrologia e religione nel Rinascimento :$bconvegno polacco-italiano, Varsavia, 25-27 settembre 1972$9(OLS)http://semarc/title/282539 996 $6260$aWroclaw etc. :$bZaklad Narodowy Imienia Ossolinskich Wydawnictwo Polskiej Akademii Nauk$9(OLS)http://semarc/publisher/36182 LEADER 02046nam a2200325 i 4500 001 000000122425 003 CaOOAMICUS 005 20040203000000.0 008 040203s1965 xxk u000 u eng u 013 $a95120 040 $aSeMil$bita 100 1 $aSmith, John Merlin Powis.$0(OLS)http://semarc/name/50896 245 12$aA critical and exegetical commentary on Micah, Zephaniah, Nahum, Habakkuk, Obadiah and Joel /$cby John Merlin Powis Smith, William Hayes Ward, Julius A. Bewer. 250 $aLatest Impression. 260 $aEdinburgh :$bT. & T. Clark,$c1965. 300 $axix, 363, 146 p. ;$c22 cm. 490 0 $aThe International Critical Commentary : on the Holy Scriptures of the Old and New Testaments. 650 4$aBibbia. Antico Testamento. Michea - Commentari, studi, critica, interpretazioni.$0(OLS)http://semarc/subject/15898 650 4$aBibbia. Antico Testamento. Sofonia - Commentari, studi, critica, interpretazioni.$0(OLS)http://semarc/subject/13581 650 4$aBibbia. Antico Testamento. Nahum - Commentari, studi, critica, interpretazioni.$0(OLS)http://semarc/subject/23208 650 4$aBibbia. Antico Testamento. Abacuc - Commentari, studi, critica, interpretazioni.$0(OLS)http://semarc/subject/23209 650 4$aBibbia. Antico Testamento. Abdia - Commentari, studi, critica, interpretazioni.$0(OLS)http://semarc/subject/20348 650 4$aBibbia. Antico Testamento. Gioele - Commentari, studi, critica, interpretazioni.$0(OLS)http://semarc/subject/13575 700 1 $aBewer, Julius A.$0(OLS)http://semarc/name/50898 700 1 $aWard, William Hayes.$0(OLS)http://semarc/name/50897 830 4$aThe International Critical Commentary.$0(OLS)http://semarc/title/97019 850 $aSeMil 852 $aSeMil$W1$xVenegono$y1$m2Z I 374$j228859$B77395$CSeMilBibl$Z2$F79277 $8I 996 $6245$aA critical and exegetical commentary on Micah, Zephaniah, Nahum, Habakkuk, Obadiah and Joel$9(OLS)http://semarc/title/180364 996 $6260$aEdinburgh :$bT. & T. Clark$9(OLS)http://semarc/publisher/29818